COMPANY LAW (Record no. 25745)

MARC details
000 -LEADER
fixed length control field 00306nam a22001457a 4500
003 - CONTROL NUMBER IDENTIFIER
control field SGT
020 ## - INTERNATIONAL STANDARD BOOK NUMBER
International Standard Book Number 97893943644707
082 ## - DEWEY DECIMAL CLASSIFICATION NUMBER
Classification number 346.066
Item number SIN
100 ## - MAIN ENTRY--PERSONAL NAME
Personal name SINGH AVTAR
245 ## - TITLE STATEMENT
Title COMPANY LAW
250 ## - EDITION STATEMENT
Edition statement 16
260 ## - PUBLICATION, DISTRIBUTION, ETC. (IMPRINT)
Place of publication, distribution, etc LUCKNOW
Name of publisher, distributor, etc EASTERN BOOK COMPANY
Year of Publication 2023
300 ## - PAGE DESCRIPTION
No. of Pages 794
942 ## - ADDED ENTRY ELEMENTS (KOHA)
Source of classification or shelving scheme Dewey Decimal Classification
Koha item type Books
942 ## - ADDED ENTRY ELEMENTS (KOHA)
-- 15
Holdings
Withdrawn status Lost status Source of classification or shelving scheme Damaged status Not for loan Collection code Home library Current library Shelving location Date acquired Vendor Name Cost, normal purchase price SGTU Bill Number Full call number Accession No. (Barcode) Date last seen Bill Date Koha item type Total Checkouts Date last borrowed
    Dewey Decimal Classification   Not For Loan LAW SGT Science & Social Sciences Library SGT Science & Social Sciences Library Reference Book 24/02/2024 COMMERCIAL BOOK HOUSE 995.00 SGTU 2075 346.066 SIN FL3276 24/02/2024 06/02/2024 Books    
    Dewey Decimal Classification     LAW SGT Science & Social Sciences Library SGT Science & Social Sciences Library Text Book 24/02/2024 COMMERCIAL BOOK HOUSE 995.00 SGTU 2075 346.066 SIN FL3277 07/01/2025 06/02/2024 Books 1 05/08/2024
    Dewey Decimal Classification     LAW SGT Science & Social Sciences Library SGT Science & Social Sciences Library Text Book 24/02/2024 COMMERCIAL BOOK HOUSE 995.00 SGTU 2075 346.066 SIN FL3278 08/05/2025 06/02/2024 Books 6 16/04/2025
    Dewey Decimal Classification     LAW SGT Science & Social Sciences Library SGT Science & Social Sciences Library Text Book 24/02/2024 COMMERCIAL BOOK HOUSE 995.00 SGTU 2075 346.066 SIN FL3279 18/06/2025 06/02/2024 Books 4 04/02/2025
    Dewey Decimal Classification     LAW SGT Science & Social Sciences Library SGT Science & Social Sciences Library Text Book 24/02/2024 COMMERCIAL BOOK HOUSE 995.00 SGTU 2075 346.066 SIN FL3280 10/01/2025 06/02/2024 Books 5 30/12/2024